| 000 | 01137cam a22003857a 4500 | ||
|---|---|---|---|
| 001 | 000025513 | ||
| 003 | CHAP | ||
| 005 | 20220817041803.0 | ||
| 008 | 971013s1935 r 00010 d | ||
| 010 | _a24467 | ||
| 011 | _a25439 | ||
| 035 | _a29539 | ||
| 040 | _cCHAP | ||
| 090 | _aFolleto 1670 | ||
| 110 | 2 | _aInstituto Agronómico de México | |
| 245 | 1 | 0 | _a(Informe). |
| 260 |
_aMéxico, D.F. : _bInstituto Agronómico de México, _c1935. |
||
| 300 | _a16 h. | ||
| 410 | 2 | 1 | _aInstituto Agronómico de México |
| 490 | 1 |
_aBoletín _v;1 |
|
| 500 | _aIncluye Acta constitutiva | ||
| 500 | _aMimeógrafo | ||
| 590 |
_aBATCH-UPD _b10 _c20130110 _lUCH01 _h1703 |
||
| 590 |
_aBATCH-UPD _b10 _c20130410 _lUCH01 _h1050 |
||
| 590 |
_aBATCH-UPD _b10 _c20130914 _lUCH01 _h0650 |
||
| 590 |
_aCONVERSION _b10 _c20130109 _lUCH01 _h1314 |
||
| 590 |
_aE5995AHE _b05 _c20141215 _lUCH01 _h1122 |
||
| 650 | 1 | 4 |
_aAgricultura _xSociedades _zMexico. _91820 |
| 810 | 2 | _aInstituto Agronómico de México | |
| 830 | 0 |
_aBoletín _v;1 _913507 |
|
| 901 | _aBK | ||
| 942 | _cFOLL | ||
| 942 | _n0 | ||
| 949 |
_aFolleto 1670 _bBC _cFOLL _d-68276 _eTS1 _i29539 _si |
||
| 999 |
_c24467 _d24467 |
||